00165nam a2200061Ia 4500008004100000082000800041245005400049240331s9999 xx 000 0 und d bNEE 0aNeelan Thiruchelwam therinda nadalumandra ureigal